The Madisons : a biography /

Bibliographic Details
Main Author: Moore, Virginia, 1903-1993
Format: Book
Language:English
Published: New York : McGraw-Hill, [1979]
Subjects:

MARC

Tag First Indicator Second Indicator Subfields
LEADER 00000pam a2200000 i 4500
001 in00000307180
005 20151010143626.0
008 780524s1979 nyuc b 00110ceng
010 |a  78017958  
020 |a 0070429030 
035 |a (OCoLC)04003781 
035 |9 ABH5600AM 
040 |a DLC  |c DLC  |d TXA  |d UtOrBLW 
043 |a n-us--- 
049 |a TXAM  |c [1477550] 
050 0 0 |a E342  |b .M6 
082 0 |a 973.5/1/0922  |a B 
100 1 |a Moore, Virginia,  |d 1903-1993. 
245 1 4 |a The Madisons :  |b a biography /  |c Virginia Moore. 
264 1 |a New York :  |b McGraw-Hill,  |c [1979] 
264 4 |c ©1979 
300 |a xviii, 568 pages :  |b portraits ;  |c 24 cm. 
336 |a text  |b txt  |2 rdacontent 
337 |a unmediated  |b n  |2 rdamedia 
338 |a volume  |b nc  |2 rdacarrier 
500 |a Includes index. 
504 |a Bibliography: pages 530-539. 
600 1 0 |a Madison, James,  |d 1751-1836. 
600 1 0 |a Madison, Dolley,  |d 1768-1849. 
650 0 |a Presidents  |z United States  |v Biography. 
650 0 |a Presidents' spouses  |z United States  |v Biography. 
999 |a MARS 
999 f f |s 4dff6c10-3722-342b-99d4-9726f874703e  |i 57f87516-9eca-3f98-8e16-6dc85f28507a  |t 0 
952 f f |p ric  |a Texas A&M University  |b Rellis Campus  |c Joint Library Facility  |d Remote Storage  |t 0  |e E342 .M6  |h Library of Congress classification  |i unmediated -- volume  |m A14802214911 
998 f f |a E342 .M6  |t 0  |l Remote Storage